[Event "Isla de la Juventud-ch"]
[Site "Nueva Gerona"]
[Date "2009.11.03"]
[Round "18"]
[White "Portales Borrero, Roman"]
[Black "Montero Medina, Melkys"]
[Result "1-0"]
[WhiteElo "2306"]
[BlackElo "2039"]
[PlyCount "163"]
[EventDate "2009.10.25"]
[EventType "tourn"]
[EventRounds "18"]
[EventCountry "CUB"]
[SourceTitle "EXT 2019"]
[Source "ChessBase"]
[SourceDate "2018.10.10"]
[SourceVersion "1"]
[SourceVersionDate "2018.10.10"]
[SourceQuality "1"]

1. e4 e5 2. Nf3 Nc6 3. Bb5 a6 4. Bxc6 dxc6 5. 0-0 Bd6 6. d4 exd4 7. Qxd4 f6 8. Be3 Ne7 9. Nbd2 0-0 10. Rad1 Be6 11. Qc3 Qe8 12. Nc4 Bxc4 13. Qxc4+ Qf7 14. Qxf7+ Kxf7 15. Nd4 c5 16. Nb3 b6 17. Nd2 Ng6 18. Nc4 Rad8 19. Nxd6+ cxd6 20. f3 Rfe8 21. Bf2 a5 22. Rd2 Ne5 23. b3 Ke7 24. a4 g6 25. Rfd1 h5 26. Rd5 Rh8 27. h4 Nc6 28. c3 Ne5 29. Kf1 Rd7 30. Ke2 Rb8 31. Bg1 Re8 32. Be3 Rc8 33. R1d2 Rdd8 34. f4 Ng4 35. c4 Rd7 36. f5 Ne5 37. Bf4 Rg8 38. Ke3 gxf5 39. exf5 Rg4 40. g3 Rd8 41. Rd1 Rd7 42. R5d2 Rd8 43. Ke2 Rd7 44. Rd5 Rg7 45. Kd2 Kd8 46. Kc3 Kc7 47. R1d2 Rg8 48. Rf2 Nc6 49. Re2 Nd4 50. Re3 Kc6 51. Kd3 Kc7 52. Re4 Kc6 53. Re1 Rb8 54. Re6 Nxe6 55. fxe6 Rdd8 56. Ke4 Rb7 57. Kf5 Rc7 58. Kxf6 Rf8+ 59. Kg5 Rg8+ 60. Kf5 Rf8+ 61. Ke4 Re7 62. Rxd6+ Kb7 63. g4 hxg4 64. h5 Rff7 65. h6 Ka6 66. Bg5 Re8 67. Bd8 Rb7 68. Kf4 Rh7 69. e7 Rf7+ 70. Ke5 Rexe7+ 71. Bxe7 Rxe7+ 72. Kf4 Rh7 73. Rg6 Rh8 74. Kxg4 Kb7 75. Kf5 Ra8 76. h7 Rh8 77. Rh6 b5 78. axb5 Kc7 79. b6+ Kb7 80. Kf6 Ka6 81. Kg7 Re8 82. h8Q 1-0

[Event "Isla de la Juventud-ch"]
[Site "Nueva Gerona"]
[Date "2009.11.02"]
[Round "17"]
[White "Montero Medina, Melkys"]
[Black "Gonzalez Espin, Johandry"]
[Result "0-1"]
[WhiteElo "2039"]
[BlackElo "2350"]
[PlyCount "68"]
[EventDate "2009.10.25"]
[EventType "tourn"]
[EventRounds "18"]
[EventCountry "CUB"]
[SourceTitle "EXT 2019"]
[Source "ChessBase"]
[SourceDate "2018.10.10"]
[SourceVersion "1"]
[SourceVersionDate "2018.10.10"]
[SourceQuality "1"]

1. e4 e5 2. Bc4 Nf6 3. Nc3 Bb4 4. Nf3 d6 5. 0-0 Bxc3 6. dxc3 Nbd7 7. Be3 0-0 8. Nd2 Nb6 9. Be2 d5 10. exd5 Nfxd5 11. Bc5 Re8 12. Re1 Nf4 13. Bf3 f5 14. g3 Nh3+ 15. Kg2 Ng5 16. h4 Nxf3 17. Nxf3 e4 18. Nd4 Qd5 19. Ba3 Nc4 20. Qh5 e3+ 21. f3 Bd7 22. Red1 Nd2 23. b4 Re5 24. Bb2 f4 25. c4 Nxc4 26. Nf5 Bxf5 27. Bxe5 Qxe5 28. Qg5 e2 29. Rd8+ Rxd8 30. Qxd8+ Kf7 31. Re1 Ne3+ 32. Kh1 fxg3 33. Qg5 h6 34. Qh5+ Ke7 0-1

[Event "Isla de la Juventud-ch"]
[Site "Nueva Gerona"]
[Date "2009.11.01"]
[Round "16"]
[White "Martinez Avila, Yaima"]
[Black "Montero Medina, Melkys"]
[Result "1/2-1/2"]
[WhiteElo "2029"]
[BlackElo "2039"]
[PlyCount "121"]
[EventDate "2009.10.25"]
[EventType "tourn"]
[EventRounds "18"]
[EventCountry "CUB"]
[SourceTitle "EXT 2019"]
[Source "ChessBase"]
[SourceDate "2018.10.10"]
[SourceVersion "1"]
[SourceVersionDate "2018.10.10"]
[SourceQuality "1"]

1. e4 e5 2. Nf3 Nf6 3. Nc3 Bb4 4. Nxe5 0-0 5. Be2 d6 6. Nd3 Bxc3 7. dxc3 Nxe4 8. 0-0 Re8 9. f3 Nf6 10. Re1 Bf5 11. Nb4 c6 12. a4 Qb6+ 13. Kh1 a5 14. Nd3 Nbd7 15. Bf4 Re6 16. Qd2 Rae8 17. Bg3 Qe3 18. Qxe3 Rxe3 19. Bf1 d5 20. Rxe3 Rxe3 21. b4 axb4 22. cxb4 Nh5 23. Bf2 Re6 24. g4 Bxd3 25. Bxd3 Nf4 26. Bf5 Re2 27. Bg3 Ne6 28. Bd3 Re3 29. f4 Nf6 30. f5 Nd4 31. Rf1 Re8 32. Bh4 Ne4 33. Kg2 c5 34. bxc5 Nxc5 35. Bf2 Nxd3 36. cxd3 Nc6 37. Rb1 Re7 38. Bc5 Rd7 39. Re1 Rd8 40. Kg3 Ra8 41. Rb1 Rxa4 42. Rxb7 h6 43. h4 Ne5 44. d4 Nc6 45. Rd7 Nxd4 46. Rxd5 Nc6 47. Rd6 Ne5 48. Bd4 Ra3+ 49. Kf4 Nf3 50. Bc5 Rb3 51. h5 Ne1 52. Bd4 Rb4 53. Ke4 Nc2 54. Kd3 Rxd4+ 55. Rxd4 Nxd4 56. Kxd4 f6 57. Ke4 Kf8 58. Kd5 Ke7 59. Kc6 Ke8 60. Kd6 Kd8 61. Ke6 1/2-1/2

[Event "Isla de la Juventud-ch"]
[Site "Nueva Gerona"]
[Date "2009.10.31"]
[Round "14"]
[White "Lopez Samon, Yurima"]
[Black "Montero Medina, Melkys"]
[Result "0-1"]
[WhiteElo "2066"]
[BlackElo "2039"]
[PlyCount "56"]
[EventDate "2009.10.25"]
[EventType "tourn"]
[EventRounds "18"]
[EventCountry "CUB"]
[SourceTitle "EXT 2019"]
[Source "ChessBase"]
[SourceDate "2018.10.10"]
[SourceVersion "1"]
[SourceVersionDate "2018.10.10"]
[SourceQuality "1"]

1. e4 Nc6 2. d4 d6 3. d5 Ne5 4. f4 Nd7 5. Nf3 c6 6. c4 Ngf6 7. Nc3 Qb6 8. e5 dxe5 9. fxe5 Ng4 10. Qe2 Nc5 11. Nd4 Na4 12. Qe4 Nc5 13. Qf4 g5 14. Qg3 Ne4 15. Nxe4 Qxd4 16. Nxg5 cxd5 17. Be2 Nxe5 18. Bd2 Ng6 19. Bc3 Qb6 20. cxd5 Bh6 21. Bxh8 Nxh8 22. Qc3 Ng6 23. Nxh7 Nf4 24. Qh8+ Kd7 25. Bg4+ Kd6 26. Bxc8 Qe3+ 27. Kd1 Qd3+ 28. Kc1 Ne2# 0-1

[Event "Isla de la Juventud-ch"]
[Site "Nueva Gerona"]
[Date "2009.10.30"]
[Round "11"]
[White "Gonzalez Vega, Alejandro"]
[Black "Montero Medina, Melkys"]
[Result "1-0"]
[WhiteElo "2283"]
[BlackElo "2039"]
[PlyCount "93"]
[EventDate "2009.10.25"]
[EventType "tourn"]
[EventRounds "18"]
[EventCountry "CUB"]
[SourceTitle "EXT 2019"]
[Source "ChessBase"]
[SourceDate "2018.10.10"]
[SourceVersion "1"]
[SourceVersionDate "2018.10.10"]
[SourceQuality "1"]

1. e4 c5 2. Nc3 d6 3. Nf3 Nc6 4. Bc4 Nf6 5. 0-0 e6 6. d4 Nxe4 7. Nxe4 d5 8. dxc5 dxe4 9. Ng5 Bxc5 10. Qxd8+ Nxd8 11. Nxe4 Be7 12. Bf4 0-0 13. Rad1 Nc6 14. Bd6 Bxd6 15. Nxd6 Rd8 16. c3 Na5 17. Be2 Nc6 18. f4 Kf8 19. c4 Ke7 20. c5 b6 21. Bf3 Bd7 22. Nxf7 Kxf7 23. Rxd7+ Rxd7 24. Bxc6 Rad8 25. Bxd7 Rxd7 26. c6 Rc7 27. Rc1 Ke7 28. b4 b5 29. Rc5 a6 30. Kf2 Kd6 31. Ke3 Rxc6 32. Rxc6+ Kxc6 33. Ke4 h5 34. Ke5 Kd7 35. f5 exf5 36. Kxf5 Kd6 37. Kg6 h4 38. Kxg7 Ke5 39. Kg6 Kd4 40. Kg5 Kc4 41. a3 Kb3 42. Kxh4 Kxa3 43. g4 Kb3 44. g5 Kxb4 45. Kg4 a5 46. g6 a4 47. g7 1-0

[Event "Isla de la Juventud-ch"]
[Site "Nueva Gerona"]
[Date "2009.10.29"]
[Round "10"]
[White "Montero Medina, Melkys"]
[Black "Bezanilla Sanchez, Alexis"]
[Result "0-1"]
[WhiteElo "2039"]
[BlackElo "2301"]
[PlyCount "114"]
[EventDate "2009.10.25"]
[EventType "tourn"]
[EventRounds "18"]
[EventCountry "CUB"]
[SourceTitle "EXT 2019"]
[Source "ChessBase"]
[SourceDate "2018.10.10"]
[SourceVersion "1"]
[SourceVersionDate "2018.10.10"]
[SourceQuality "1"]

1. e4 e6 2. Nf3 c5 3. d4 cxd4 4. Qxd4 Nc6 5. Qe3 Nf6 6. Nc3 d5 7. exd5 Nxd5 8. Nxd5 Qxd5 9. Bd3 Bc5 10. Qg5 Bb4+ 11. Kf1 0-0 12. Qh4 f5 13. Bf4 Be7 14. Bg5 Bxg5 15. Nxg5 h6 16. Nf3 Rd8 17. a3 Bd7 18. Bc4 Qd6 19. Re1 Rac8 20. h3 Na5 21. Bd3 Bc6 22. b4 Bxf3 23. gxf3 Nb3 24. Rg1 Kf8 25. Rg3 Nd4 26. c4 f4 27. c5 Qc7 28. Rg4 e5 29. Be4 b6 30. Rc1 Qf7 31. Kg2 Nb3 32. Rg1 bxc5 33. Kh1 Qf6 34. Qxf6+ gxf6 35. Bf5 Rb8 36. Rg8+ Ke7 37. R8g7+ Kd6 38. R1g6 Kd5 39. bxc5 Nxc5 40. Rxh6 Rb2 41. Kg2 Kc4 42. Rxf6 Rdd2 43. Kh1 Rxf2 44. Rfg6 Rxf3 45. Rxa7 Ra2 46. Rg1 Raxa3 47. Rag7 e4 48. Bg4 Rf2 49. Rc1+ Kd4 50. h4 Raa2 51. Rd1+ Nd3 52. Rd7+ Ke3 53. R1xd3+ exd3 54. Re7+ Kd4 55. Rd7+ Kc5 56. Rc7+ Kb6 57. Rc1 Rh2+ 0-1

[Event "Isla de la Juventud-ch"]
[Site "Nueva Gerona"]
[Date "2009.10.28"]
[Round "7"]
[White "Montero Medina, Melkys"]
[Black "Martinez Avila, Yaima"]
[Result "1/2-1/2"]
[WhiteElo "2039"]
[BlackElo "2029"]
[PlyCount "172"]
[EventDate "2009.10.25"]
[EventType "tourn"]
[EventRounds "18"]
[EventCountry "CUB"]
[SourceTitle "EXT 2019"]
[Source "ChessBase"]
[SourceDate "2018.10.10"]
[SourceVersion "1"]
[SourceVersionDate "2018.10.10"]
[SourceQuality "1"]

1. d4 Nf6 2. Bg5 e6 3. Nc3 d5 4. Nf3 h6 5. Bxf6 Qxf6 6. e4 Bb4 7. Bd3 c5 8. exd5 exd5 9. 0-0 Bxc3 10. Bb5+ Nc6 11. Qe2+ Kf8 12. bxc3 Bg4 13. Bxc6 bxc6 14. Rfe1 Bxf3 15. Qxf3 Qxf3 16. gxf3 cxd4 17. cxd4 g5 18. Rab1 Kg7 19. Re7 Rhb8 20. Rxb8 Rxb8 21. Rxa7 Rb4 22. c3 Rc4 23. Ra3 c5 24. dxc5 Rxc5 25. Kg2 Kf6 26. f4 gxf4 27. Kf3 Ke5 28. Kg4 Rc8 29. Kf3 h5 30. Ke2 Rb8 31. Rb3 Ra8 32. a3 Ra7 33. Kf3 Ra5 34. Ke2 Ra4 35. Kf3 Ra6 36. Ke2 Kf5 37. Kd3 Kg4 38. c4 dxc4+ 39. Kxc4 f3 40. Kb5 Re6 41. h3+ Kxh3 42. Rxf3+ Kg2 43. Rxf7 h4 44. Rg7+ Kxf2 45. a4 Re5+ 46. Kb6 h3 47. Rh7 Kg3 48. a5 Re6+ 49. Kb5 h2 50. a6 Re7 51. Rxe7 h1Q 52. a7 Kf4 53. Kc5 Qg1+ 54. Kb5 Qb1+ 55. Kc5 Qc2+ 56. Kb5 Qd3+ 57. Kc5 Qa3+ 58. Kb5 Kf5 59. Rh7 Qb3+ 60. Kc6 Qf3+ 61. Kb6 Qf2+ 62. Kb7 Qg2+ 63. Kb6 Qg1+ 64. Kb7 Qb1+ 65. Kc6 Qe4+ 66. Kb6 Qb4+ 67. Kc6 Qc4+ 68. Kb6 Qe4 69. Rc7 Qb1+ 70. Ka6 Qh1 71. Rc8 Qa1+ 72. Kb7 Qb2+ 73. Kc7 Qc3+ 74. Kb7 Qb4+ 75. Kc7 Qc4+ 76. Kb7 Qb3+ 77. Kc7 Qc2+ 78. Kb7 Qe4+ 79. Kb6 Qe6+ 80. Kb7 Qd5+ 81. Kb6 Qd6+ 82. Kb7 Qd7+ 83. Kb8 Qd6+ 84. Kb7 Qe7+ 85. Kb6 Qf6+ 86. Kb7 Qb2+ 1/2-1/2

[Event "Nueva Gerona 15 May Cup"]
[Site "Nueva Gerona"]
[Date "2009.05.24"]
[Round "18"]
[White "Montero Medina, Melkys"]
[Black "Jimenez Arias, Erick"]
[Result "0-1"]
[WhiteElo "2133"]
[BlackElo "2174"]
[PlyCount "188"]
[EventDate "2009.05.13"]
[EventType "tourn"]
[EventRounds "22"]
[EventCountry "CUB"]
[SourceTitle "EXT 2020"]
[Source "ChessBase"]
[SourceDate "2019.10.17"]
[SourceVersion "1"]
[SourceVersionDate "2019.10.17"]
[SourceQuality "1"]

1. d4 Nf6 2. c4 g6 3. Nc3 Bg7 4. e4 d6 5. Nf3 0-0 6. Be2 e5 7. d5 a5 8. Bg5 h6 9. Bh4 Na6 10. 0-0 Qe8 11. Nd2 Nh7 12. a3 Bd7 13. Kh1 h5 14. f3 Bh6 15. b3 Be3 16. Qc2 f5 17. exf5 gxf5 18. Bf2 Bxf2 19. Rxf2 Qg6 20. Rg1 Kh8 21. Re1 h4 22. Ref1 Nc5 23. b4 axb4 24. axb4 Na4 25. c5 Nf6 26. Nxa4 Bxa4 27. Qc4 Qh7 28. Kg1 h3 29. g3 b5 30. cxb6 cxb6 31. Kh1 Rfc8 32. Qd3 Qd7 33. Nb1 Bc2 34. Qd2 Qh7 35. Nc3 Qg6 36. Bb5 Bb3 37. Qd3 Ra3 38. Nb1 Bc4 39. Qxa3 Bxb5 40. Rc1 Rxc1+ 41. Qxc1 Nxd5 42. Na3 Bd3 43. Kg1 Kg7 44. Qc6 Qh6 45. Qd7+ Kh8 46. Qc8+ Kg7 47. Nb1 Kf6 48. Nd2 Ke7 49. Qb7+ Ke6 50. Qb8 Ke7 51. Qb7+ Ke6 52. Qc8+ Ke7 53. Qa8 Nf6 54. Qa7+ Nd7 55. Qa1 d5 56. Qc3 Bb5 57. Qb3 Ke6 58. Qa3 f4 59. g4 Qg6 60. Qa2 Kd6 61. Qa1 Qd3 62. Qa2 Qd4 63. Qa8 Be2 64. Qa2 Bd3 65. Qa3 e4 66. fxe4 dxe4 67. b5+ Ke6 68. Qb3+ Ke7 69. Qa3+ Kf7 70. Qb3+ Kg7 71. Qe6 Ne5 72. Nb3 Nf3+ 73. Kh1 Qf6 74. Qc8 Bxb5 75. Rc2 Kh6 76. Qa8 Bf1 77. Qxe4 Nh4 78. g5+ Kxg5 79. Qh7 Bg2+ 80. Kg1 Nf3+ 81. Kf2 Nxh2 82. Kg1 Nf3+ 83. Kf2 Nh4 84. Qg8+ Ng6 85. Rd2 Qe5 86. Rd3 Kh6 87. Nd4 Qe4 88. Qb3 h2 89. Rh3+ Bxh3 90. Qxh3+ Kg7 91. Nf3 Qe3+ 92. Kg2 Nh4+ 93. Qxh4 Qe2+ 94. Kh1 Qxf3+ 0-1

[Event "Nueva Gerona 15 May Cup"]
[Site "Nueva Gerona"]
[Date "2009.05.19"]
[Round "10"]
[White "Duarte Napoles, Fanny"]
[Black "Montero Medina, Melkys"]
[Result "1-0"]
[WhiteElo "2267"]
[BlackElo "2133"]
[PlyCount "149"]
[EventDate "2009.05.13"]
[EventType "tourn"]
[EventRounds "22"]
[EventCountry "CUB"]
[SourceTitle "EXT 2020"]
[Source "ChessBase"]
[SourceDate "2019.10.17"]
[SourceVersion "1"]
[SourceVersionDate "2019.10.17"]
[SourceQuality "1"]

1. b3 e5 2. c4 Nf6 3. Nc3 Bc5 4. a3 0-0 5. e3 d5 6. cxd5 Nxd5 7. Nf3 Nxc3 8. dxc3 Qxd1+ 9. Kxd1 Rd8+ 10. Ke1 Be6 11. Nxe5 Bxb3 12. Nd3 Na6 13. f3 Be7 14. Bd2 Rd6 15. Nc1 Nc5 16. Rb1 Bd5 17. e4 Be6 18. Be3 Rad8 19. Bd4 b6 20. Be2 Nd7 21. f4 g6 22. e5 Rd5 23. Nb3 c5 24. Be3 Bf5 25. Rb2 Nf8 26. g4 Bd3 27. Bf3 R5d7 28. g5 c4 29. Nd4 Bxa3 30. Ra2 Bc5 31. Kf2 a5 32. Nc6 Bxe3+ 33. Kxe3 Re8 34. Rb2 Bf5 35. Nd4 Rb8 36. Rd1 Kg7 37. Be2 Bd3 38. Bxd3 cxd3 39. Rxd3 Kh8 40. Rdd2 Rc7 41. Nb5 Rc4 42. Rd4 Rxd4 43. cxd4 Kg7 44. d5 Nd7 45. Nd6 Nc5 46. Kd4 a4 47. Ra2 Ra8 48. Ra3 Kf8 49. Kc4 Ra5 50. h3 Nd7 51. Nb5 Nc5 52. h4 Ke7 53. Nd4 Kd7 54. Nc6 Ra8 55. Kb5 Kc7 56. d6+ Kb7 57. f5 gxf5 58. Rf3 a3 59. Rxf5 Rf8 60. Nb4 Ne6 61. Rf2 Nc5 62. Kc4 Nd7 63. Kd4 b5 64. Rf3 a2 65. Nxa2 Kb6 66. Nc3 b4 67. Nd5+ Ka5 68. Nf6 Nxf6 69. Rxf6 Rb8 70. Rxf7 b3 71. Rf1 Kb5 72. Kd5 Ka6 73. e6 Rb5+ 74. Kc4 b2 75. d7 1-0

[Event "Nueva Gerona 15 May Cup"]
[Site "Nueva Gerona"]
[Date "2009.05.13"]
[Round "2"]
[White "Montero Medina, Melkys"]
[Black "Lopez Lopez, Pedro"]
[Result "0-1"]
[WhiteElo "2133"]
[BlackElo "2078"]
[PlyCount "174"]
[EventDate "2009.05.13"]
[EventType "tourn"]
[EventRounds "22"]
[EventCountry "CUB"]
[SourceTitle "EXT 2020"]
[Source "ChessBase"]
[SourceDate "2019.10.17"]
[SourceVersion "1"]
[SourceVersionDate "2019.10.17"]
[SourceQuality "1"]

1. d4 d5 2. Nf3 Nf6 3. c4 c6 4. Nc3 dxc4 5. a4 Bf5 6. e3 e6 7. Bxc4 Bb4 8. 0-0 Nbd7 9. Qe2 Bg6 10. e4 0-0 11. Bd3 Bh5 12. e5 Nd5 13. Nxd5 cxd5 14. Qe3 Be7 15. Ng5 Bxg5 16. Qxg5 Bg6 17. Be2 Rc8 18. Qe3 f6 19. exf6 Qxf6 20. Bd2 Nb8 21. Bb4 Rfe8 22. Bc5 Nc6 23. Bb5 a6 24. Be2 e5 25. dxe5 Rxe5 26. Bg4 Bf5 27. Bxf5 Qxf5 28. Qd2 d4 29. Bd6 Rd5 30. Bg3 d3 31. Rfc1 Rd4 32. Re1 Rc4 33. Rad1 Rd8 34. Bc7 Rd7 35. Bg3 Rc2 36. Qe3 h6 37. Qb6 d2 38. Rf1 Nd4 39. Kh1 Qd3 40. Bf4 Rc1 41. Rxc1 dxc1B 42. Rxc1 Ne2 43. h3 Nxf4 44. Qb4 Rf7 45. Qc3 Qg6 46. Qc8+ Kh7 47. Qc2 Nd3 48. Rf1 Rf6 49. Kh2 Rc6 50. Qe2 Nc5 51. Ra1 Re6 52. Qc4 Nd3 53. Qc2 Nf4 54. Qxg6+ Rxg6 55. g3 Nd3 56. a5 Nxf2 57. Ra3 Rd6 58. Rb3 Rd7 59. Kg2 Nd3 60. Rb6 Rf7 61. b3 Nc5 62. b4 Ne4 63. h4 Rf2+ 64. Kh3 Rf3 65. Rxb7 Rxg3+ 66. Kh2 Rg4 67. h5 Rh4+ 68. Kg2 Rxh5 69. Rb6 Nc3 70. Rxa6 Nd5 71. b5 Nc7 72. Ra7 Nxb5 73. Rd7 Rg5+ 74. Kf3 Rf5+ 75. Ke2 Nc3+ 76. Kd2 Ne4+ 77. Ke3 Nc5 78. Ra7 Rd5 79. Ra8 Rd6 80. Rc8 Na6 81. Ke4 Rg6 82. Ra8 Nc5+ 83. Kf5 Ra6 84. Rxa6 Nxa6 85. Kg4 Kg6 86. Kf4 Kf6 87. Ke3 g5 0-1